Central Library OPAC University of Rajshahi

The extra pharmacopoeia / (Record no. 68077)

MARC details
000 -LEADER
fixed length control field 01252cam a2200325 a 4500
001 - CONTROL NUMBER
control field 68077
003 - CONTROL NUMBER IDENTIFIER
rucl marc code BD-RjUL
005 - DATE AND TIME OF LATEST TRANSACTION
control field 20211209081728.0
008 - FIXED-LENGTH DATA ELEMENTS--GENERAL INFORMATION
fixed length control field 170330s1993 enk 001 0 eng d
020 ## - INTERNATIONAL STANDARD BOOK NUMBER
International Standard Book Number 0853693005
Terms of availability L.160.00 : CIP entry (Apr.)
035 ## - SYSTEM CONTROL NUMBER
System control number (BD-RjUL)68286
System control number 125986
040 ## - CATALOGING SOURCE
Original cataloging agency BNB
Language of cataloging eng
Transcribing agency BNB
Modifying agency NNCU:A
041 ## - LANGUAGE CODE
Language code of text/sound track or separate title eng
082 04 - DEWEY DECIMAL CLASSIFICATION NUMBER
Classification number 615.1141
Edition number 23
Author mark and year MAR 1993
245 14 - TITLE STATEMENT
Title The extra pharmacopoeia /
Remainder of title Martindale
Statement of responsibility, etc. James E F Reynolds and William Martindale
246 3# - VARYING FORM OF TITLE
Title proper/short title Martindale, the extra pharmacopoeia
250 ## - EDITION STATEMENT
Edition statement 30th ed.
260 ## - PUBLICATION, DISTRIBUTION, ETC. (IMPRINT)
Place of publication, distribution, etc. London :
Name of publisher, distributor, etc. Pharmaceutical Press,
Date of publication, distribution, etc. 1993.
300 ## - PHYSICAL DESCRIPTION
Pagination xxv, 2363 p. :
Illustrations ill. ;
Size 28cm.
500 ## - GENERAL NOTE
General note Published by direction of the Council of the Royal Pharmaceutical Society of Great Britain and prepared in the Society's Department of Pharmaceutical Sciences.
650 #0 - SUBJECT ADDED ENTRY--TOPICAL TERM
Topical term or geographic name as entry element Pharmacopoeias
Geographic subdivision Great Britain.
9 (RLIN) 201812
Topical term or geographic name as entry element Pharmacopoeias
General subdivision Great Britain.
9 (RLIN) 201813
Topical term or geographic name as entry element Drugs.
9 (RLIN) 201814
700 1# - ADDED ENTRY--PERSONAL NAME
Personal name Reynolds, James E. F.
Personal name Parfitt, Kathleen.
710 2# - ADDED ENTRY--CORPORATE NAME
Corporate name or jurisdiction name as entry element Royal Pharmaceutical Society of Great Britain.
Subordinate unit Department of Pharmaceutical Sciences.
9 (RLIN) 201817
942 ## - ADDED ENTRY ELEMENTS (KOHA)
Source of classification or shelving scheme Dewey Decimal Classification
Koha item type Books
Holdings
Lost status Source of classification or shelving scheme Damaged status Not for loan Collection code Permanent Location Current Location Shelving location Date acquired Source of acquisition Cost, normal purchase price Total Checkouts Full call number Date last seen Copy number Koha item type
  Dewey Decimal Classification   Not For Loan Non-fiction Central Library, University of Rajshahi Central Library, University of Rajshahi Reading Room 07/07/1997 Chittagong.Syntax. 16000.00   615.1141 MAR 1993 30/03/2017 C-1 Books